000 00959nam a2200253Ia 4500
003 OSt
005 20221005104842.0
006 a|||||r|||| 00| 0
007 ta
008 221004b |||||||| |||| 00| 0 hin d
020 _a817453265X (hbk)
_c600
024 _a101618
037 _b399, 22/03/2010, Swaraj Prakashan
_cTextual
040 _aCRL
_cCRL
_bhin
041 _2hin
_ahin
082 _a4,1, 152P4
100 _aदीक्षित, सूर्यप्रसाद
245 0 _aजनपत्रकारिता जनसंचार एवं जनसम्पर्क
246 _aJanapatrakāritā janasanchār evan janasamparka
260 _aदिल्ली
_bसंजय प्रकाशन भारत
_c2004
300 _a284पृ0
_ccm.
942 _h4,1, 152P4
_cTEXL
_2cc
999 _c1013984
_d1013984